<?xml version="1.0" encoding="UTF-8"?><?xml-stylesheet type="text/xsl" href="static/style.xsl"?><OAI-PMH xmlns="http://www.openarchives.org/OAI/2.0/" xmlns:xsi="http://www.w3.org/2001/XMLSchema-instance" xsi:schemaLocation="http://www.openarchives.org/OAI/2.0/ http://www.openarchives.org/OAI/2.0/OAI-PMH.xsd"><responseDate>2026-04-30T05:13:26Z</responseDate><request verb="GetRecord" identifier="oai:uvadoc.uva.es:10324/43143" metadataPrefix="marc">https://uvadoc.uva.es/oai/request</request><GetRecord><record><header><identifier>oai:uvadoc.uva.es:10324/43143</identifier><datestamp>2025-02-18T11:22:52Z</datestamp><setSpec>com_10324_38</setSpec><setSpec>col_10324_852</setSpec></header><metadata><record xmlns="http://www.loc.gov/MARC21/slim" xmlns:doc="http://www.lyncode.com/xoai" xmlns:xsi="http://www.w3.org/2001/XMLSchema-instance" xmlns:dcterms="http://purl.org/dc/terms/" xsi:schemaLocation="http://www.loc.gov/MARC21/slim http://www.loc.gov/standards/marcxml/schema/MARC21slim.xsd">
<leader>00925njm 22002777a 4500</leader>
<datafield tag="042" ind1=" " ind2=" ">
<subfield code="a">dc</subfield>
</datafield>
<datafield tag="720" ind1=" " ind2=" ">
<subfield code="a">Santos Muriel, Andrea</subfield>
<subfield code="e">author</subfield>
</datafield>
<datafield tag="260" ind1=" " ind2=" ">
<subfield code="c">2020</subfield>
</datafield>
<datafield tag="520" ind1=" " ind2=" ">
<subfield code="a">En el presente TFG se plantea la idea de que los déficits en la función ejecutiva (FE) de planificación y atención sostenida en dos adolescentes de 15 años con discapacidad intelectual moderada repercuten a su rendimiento en una tarea aritmética.&#xd;
Se realiza una fundamentación teórica de estas variables y se plantea una propuesta de intervención mediante actividades basadas en la estimulación de planificación y atención sostenida. Asimismo, se llevan a cabo actividades para conocer ambos procesos en los alumnos y para constatar, tras la estimulación, si se produce una mejoría en el rendimiento de la tarea aritmética.&#xd;
Dicha propuesta de intervención no se ha podido aplicar debido a la pandemia mundial del COVID – 19 que ocasionó la suspensión del periodo de prácticas.</subfield>
</datafield>
<datafield tag="520" ind1=" " ind2=" ">
<subfield code="a">The present Final Project Degree sets out the idea that deficits in executive function (EF) of planning and sustained attention in two 15-year teenagers with moderated intellectual disability affect their arithmetic task performance.&#xd;
In order to verify this approach, we carry out a theorical foundation of these variables and we suggested an educational intervention through planning and sustained attention stimulation activities. Moreover, we suggest activities to know both student´s cognitive process and confirm, after the stimulation period, if it produces an improvement in arithmetic task performance.&#xd;
The intervention aforesaid could not be implemented due to the COVID – 19 pandemic that cancelled the internship term.</subfield>
</datafield>
<datafield tag="024" ind2=" " ind1="8">
<subfield code="a">http://uvadoc.uva.es/handle/10324/43143</subfield>
</datafield>
<datafield tag="245" ind1="0" ind2="0">
<subfield code="a">Planificación, atención sostenida y aprendizaje en adolescentes con discapacidad intelectual. Estudio de caso</subfield>
</datafield>
</record></metadata></record></GetRecord></OAI-PMH>